00728nam a2200241 a 4500001001300000003000900013005001700022008004100039020002300080082001500103100002300118245003500141260004900176300001000225500003500235505001000270650002300280700002300303902000800326942000700334952012800341999001700469nice12345678IN_TiNIC20260116014728.0140312s2012 dela grp 000 0 eng  a9789380963297c90000a305.4bKUP aKuppuswamy, Ursula aWomen, Religion and Traditions aDelhi bSignature Books International c2012 a280p  aincludes index and biblioraphy2 aindex aWomen and Religion1 aKuppuswamy, Ursula bSRS cBK 001040708StackRoom-aHMIbHMId2014-03-12g900.00l2o305.4 KUPp024449r2018-09-11s2018-09-10v900.00w2014-03-12yBK c16685d16685